00620nam a2200205Ia 4500003000400000005001700004008004100021020001900062040000700081041000800088082001600096100002700112245003600139260004500175300000900220650002200229942001300251999001900264952013100283OSt20250930143802.0250729s2005 xx 000 0 und d a978-8171690657 cAL aeng a370.78 SINS aSingh Hemlatha9222882 aScientific temper and education aNew DelhibCommonwealth Publishersc2005 a221p aEducation9222883 2ddccBED c235652d235652 00104070aALbALd2025-07-29eSita Book Houseg165.00l0o370.78 SINSpBED00971r2025-07-29 16:54:11v165.00w2025-07-29yBK